[Event "11th Master Open"]
[Site "Voronezh RUS"]
[Date "2007.06.16"]
[Round "5"]
[White "Lastin,A"]
[Black "Dmitriev,Ig"]
[Result "1-0"]
[WhiteElo "2590"]
[BlackElo "2310"]

1.e4 e6 2.d4 d5 3.Nd2 Nc6 4.Ngf3 Nf6 5.e5 Nd7 6.Be2 Be7 7.Nf1 f6 8.exf6 Bxf6
9.Ne3 O-O 10.O-O Nb6 11.Ng4 Bd7 12.c3 h6 13.Bd3 Be8 14.Bc2 Ne7 15.Re1 Bh5
16.h3 Qd6 17.Qe2 Bf7 18.Nxf6+  1-0

[Event "XXV Balaton GM"]
[Site "Balatonlelle HUN"]
[Date "2007.06.19"]
[Round "4"]
[White "Vajda,L"]
[Black "Farago,I"]
[Result "1-0"]
[WhiteElo "2549"]
[BlackElo "2501"]

1.e4 e6 2.d4 d5 3.Nd2 Be7 4.Ngf3 Nf6 5.Bd3 c5 6.e5 Nfd7 7.c3 b6 8.Nf1 cxd4
9.cxd4 Ba6 10.Bxa6 Nxa6 11.Ng3 h5 12.O-O Nb4 13.Bd2 Nc6 14.Rc1 Rc8 15.Qa4 Ndb8
16.b4 a6 17.b5 axb5 18.Qxb5 g5 19.Ne2 Kf8 20.h4 gxh4 21.Nf4 Kg7 22.Kh2 Na5
23.Bxa5 bxa5 24.Rxc8 Qxc8 25.Qxa5 Qc4 26.Rd1 Qc2 27.Qd2 Qf5 28.Rc1 Na6 29.Rc6 Ra8
30.a3 Ra7 31.Nxd5 Bd8 32.Rd6 exd5 33.Qh6+  1-0

[Event "ch-NED w"]
[Site "Hilversum NED"]
[Date "2007.06.19"]
[Round "2"]
[White "Muhren,B"]
[Black "Peng Zhaoqin"]
[Result "0-1"]
[WhiteElo "2311"]
[BlackElo "2439"]

1.e4 e6 2.d4 d5 3.Nd2 Be7 4.Bd3 c5 5.dxc5 Nf6 6.Ngf3 dxe4 7.Nxe4 Nxe4 8.Bxe4 Qxd1+
9.Kxd1 Bxc5 10.Ke2 Nd7 11.Bd2 Be7 12.b4 f5 13.Bd3 Bf6 14.Rad1 Nb6 15.Bb5+ Ke7
16.Rhe1 Nd5 17.a3 a6 18.Bc4 Nc3+ 19.Bxc3 Bxc3 20.Rh1 Bd7 21.Rd3 Bf6 22.Rhd1 Rhd8
23.Bb3 Bb5 24.c4 Rxd3 25.Rxd3 Bc6 26.Re3 f4 27.Rd3 e5 28.Rd1 g5 29.g4 h5
30.h3 hxg4 31.hxg4 Rh8 32.Nd2 Rh3 33.a4 Rc3 34.b5 Bd7 35.f3 Be6 36.Ba2 Ra3
37.Bb3 axb5 38.axb5 e4 39.Rb1 e3 40.Ne4 Rxb3 41.Rxb3 Bxc4+ 42.Rd3 b6  0-1

[Event "Masters"]
[Site "Grenoble FRA"]
[Date "2007.06.20"]
[Round "1"]
[White "Vuilleumier,A"]
[Black "Foisor,O"]
[Result "0-1"]
[WhiteElo "2343"]
[BlackElo "2427"]

1.e4 e6 2.d4 d5 3.Nd2 a6 4.Bd3 c5 5.Ngf3 Nc6 6.exd5 exd5 7.O-O c4 8.Re1+ Be7
9.Bf1 Nf6 10.c3 O-O 11.Ne5 Be6 12.f4 Rc8 13.h3 Nd7 14.Nxc6 Rxc6 15.g4 f5
16.g5 Bxg5 17.fxg5 Qxg5+ 18.Bg2 f4 19.Qf3 Qh4 20.Qf2 Qh5 21.Nxc4 Bxh3 22.Qf3 Qxf3
23.Bxf3 dxc4 24.Bxc6 bxc6 25.Kh2 Bg4 26.Re4 g5 27.Bd2 Bf3 28.Re7 Nf6 29.Ra7 Bd5
30.Rg1 Ne4 31.Be1 f3 32.Bg3 Rf6 33.Ra8+ Kf7 34.Ra7+ Kg6 35.Be5 f2 36.Bxf6 fxg1=Q+
37.Kxg1 Nxf6 38.Rxa6 g4 39.b3 g3 40.bxc4 Be4 41.d5 h5 42.dxc6 h4 43.c7 h3
44.c8=Q h2+ 45.Kf1 h1=Q+ 46.Ke2 Qf3+ 47.Kd2 Qd3+ 48.Ke1 Qxc3+ 49.Ke2 Bf3+  0-1

[Event "IV Open"]
[Site "Sanxenxo ESP"]
[Date "2007.06.20"]
[Round "5"]
[White "Aguera Naredo,J"]
[Black "Caselas Cabanas,J"]
[Result "0-1"]
[WhiteElo "2365"]
[BlackElo "2423"]

1.e4 e6 2.d4 d5 3.Nd2 Nc6 4.Ngf3 Nf6 5.e5 Nd7 6.Be2 f6 7.exf6 Qxf6 8.Nf1 b6
9.Ne3 Bb7 10.O-O O-O-O 11.c3 h6 12.Qa4 Bd6 13.Bd2 Rhg8 14.Rae1 h5 15.Bb5 Ndb8
16.Qd1 g5 17.Qe2 g4 18.Ne5 Nxe5 19.dxe5 Qxe5 20.g3 Qf6 21.Ng2 e5 22.f3 Qg7
23.b4 a6 24.Ba4 d4 25.fxg4 d3 26.Qe3 hxg4 27.Nh4 Rh8 28.Qg5 Rdg8 29.Qf5+ Nd7
30.Qxd3 e4 31.Rxe4 Ne5 32.Rxe5 Qxe5 33.Bf4 Qe4 34.Qxe4 Bxe4 35.Bxd6 cxd6
36.Rf6 Kc7 37.Rf7+ Kb8 38.Rf6 b5 39.Bb3 Rd8 40.Rf4 d5 41.Ng2 Rc8 42.Ne3 Rxc3
43.Nxd5 Rc1+ 44.Kf2 Rxh2+ 45.Ke3 Re1+ 46.Kd4 Rd2+ 47.Kc5 Rc1+ 48.Kd6 Bxd5
49.Bxd5 Rc8 50.Rf5 Rd4 51.a3 Rd3 52.Ke5 Rxa3 53.Rf7 Rd8 54.Rb7+ Kc8 55.Ra7 Rxg3
56.Ra8+ Kd7 57.Rxa6 Re3+ 58.Kf4 Rd3 59.Bc6+ Kc7 60.Kxg4 R8d4+ 61.Kf5 Rxb4
62.Ke5 Rd6 63.Ra7+ Kxc6 64.Ra6+ Kc5 65.Rxd6 Rb1 66.Rd5+ Kc4 67.Rd4+ Kc3 68.Kd5 Rh1
69.Rg4 Rh5+ 70.Ke4 b4 71.Rg3+ Kc4 72.Ke3 Rd5 73.Ke2 b3 74.Rg4+ Kc3 75.Rg7 b2
76.Rc7+ Kb4  0-1

[Event "CIQ"]
[Site "Quebec CAN"]
[Date "2007.06.22"]
[Round "2"]
[White "Voskanyan,V"]
[Black "Luksza,A"]
[Result "0-1"]
[WhiteElo "2275"]
[BlackElo "2141"]

1.e4 e6 2.d4 d5 3.Nd2 Be7 4.Bd3 c5 5.dxc5 Nf6 6.Qe2 O-O 7.Ngf3 a5 8.O-O Na6
9.e5 Nd7 10.Nb3 Ndxc5 11.Nbd4 Nxd3 12.cxd3 Bd7 13.Be3 Rc8 14.Rac1 h6 15.h3 a4
16.a3 Qa5 17.Bd2 Qb6 18.Bc3 Nb8 19.Qd2 Nc6 20.Rfe1 Nxd4 21.Bxd4 Qa6 22.Red1 Bb5
23.Rc3 Rxc3 24.Bxc3 Rc8 25.Ne1 Qa7 26.Nc2 Bc5 27.d4 Be7 28.f4 Qa6 29.Ne3 Be2
30.Re1 Bd3 31.Rc1 Be4 32.Kh2 Qb5 33.g4 Rc6 34.Kg3 Qa6 35.h4 Qd3 36.Qxd3 Bxd3
37.f5 b5 38.Rd1 Be4 39.Bb4 Bxb4 40.axb4 a3 41.bxa3 Rc3 42.Kf4 Rxa3 43.h5 Ra2
44.Rf1 Rd2 45.f6 Rxd4 46.Ra1 Rd2 47.Nf1 Rf2+ 48.Ke3 Rf3+ 49.Kd4 gxf6 50.exf6 Rxf6
51.Ne3 Rf3 52.Re1 Kg7 53.Kc5 Bd3 54.Kd4 Bc4 55.Ke5 Rf2 56.Rg1 Re2 57.Rg3 f6+
58.Kd4 Rb2 59.Nxc4 Rxb4 60.Kc5 Rxc4+ 61.Kxb5 Kf7 62.Ra3 Ke7 63.Ra7+ Kd6 64.Rg7 Ke5
65.Rg6 Rf4 66.Kc5 d4 67.Kc4 Rf3 68.Rxh6 Rc3+ 69.Kb4 Rc7 70.Rh8 d3 71.Rd8 Ke4
72.Rd6 e5 73.Rxf6 Rd7 74.Rf1 d2 75.Rd1 Kd3 76.h6 e4  0-1

[Event "Open"]
[Site "Teplice CZE"]
[Date "2007.06.23"]
[Round "9"]
[White "Tuma,J"]
[Black "Natsidis,C"]
[Result "1-0"]
[WhiteElo "2301"]
[BlackElo "2196"]

1.e4 e6 2.d4 d5 3.Nd2 Be7 4.c3 c5 5.Ngf3 Nf6 6.exd5 exd5 7.dxc5 Bxc5 8.Nb3 Bd6
9.Bb5+ Nc6 10.O-O O-O 11.Bg5 a6 12.Bxc6 bxc6 13.Qd4 h6 14.Bf4 Re8 15.Bxd6 Qxd6
16.Rfe1 Bf5 17.Nc5 Nd7 18.Nxd7 Bxd7 19.c4 Bf5 20.c5 Qc7 21.Nh4 Be4 22.f3 Bh7
23.g3 Qa5 24.Ng2 Bg6 25.a3 Qb5 26.Nf4 Qb3 27.Nxg6 fxg6 28.Qc3 Qb5 29.a4 Qb7
30.Re5 Rxe5 31.Qxe5 Kh7 32.Qc3 Re8 33.Kf2 Rb8 34.Rb1 Qb3 35.Qxb3 Rxb3 36.f4 h5
37.Ke2 h4 38.gxh4 Kh6 39.Kd2 Kh5 40.Kc2 Rb4 41.b3 Kxh4 42.Rg1 Kh5 43.Rg5+ Kh6
44.Rg4 a5 45.Rh4+  1-0

[Event "Narciso Yepes Mem"]
[Site "Lorca ESP"]
[Date "2007.06.28"]
[Round "7"]
[White "Fedorchuk,S"]
[Black "Giaccio,A"]
[Result "1-0"]
[WhiteElo "2603"]
[BlackElo "2466"]

1.e4 e6 2.d4 d5 3.Nd2 Be7 4.Ngf3 Nf6 5.e5 Nfd7 6.Bd3 c5 7.c3 Nc6 8.O-O a5
9.a4 Qb6 10.dxc5 Nxc5 11.Bc2 Qc7 12.Re1 Nd7 13.Qe2 b6 14.Nb3 Ba6 15.Qe3 O-O-O
16.Nbd4 Bc5 17.Bd2 Kb7 18.Rac1 Rde8 19.Qg5 Ncxe5 20.Nxe5 f6 21.Nxe6 Rxe6
22.Qxg7 Nxe5 23.Qxh8 Bxf2+ 24.Kh1 Bxe1 25.Rxe1 Ng6 26.Qg8 Rxe1+ 27.Bxe1 Qe7
28.Qxd5+ Ka7 29.Bf2 Qe5 30.Qc6 Qb8 31.Be4  1-0

[Event "ch-IRL"]
[Site "Dublin IRL"]
[Date "2007.06.30"]
[Round "1"]
[White "Rozentalis,E"]
[Black "Jamieson,I"]
[Result "1-0"]
[WhiteElo "2578"]
[BlackElo "2014"]

1.e4 e6 2.d4 d5 3.Nd2 Be7 4.e5 Nh6 5.Ndf3 Nf5 6.g4 Nh4 7.Nxh4 Bxh4 8.Nf3 Be7
9.h4 b6 10.c3 Qd7 11.h5 Ba6 12.h6 g6 13.Bg5 Bxf1 14.Kxf1 Nc6 15.Kg2 Bxg5
16.Nxg5 O-O-O 17.Qf3 Rdf8 18.Rae1 Qe7 19.Qf4 f6 20.exf6 Rxf6 21.Qe3 Rhf8
22.f3 Nd8 23.Rhf1 Kd7 24.f4 c5 25.dxc5 bxc5 26.b4 Nb7 27.bxc5 Rc8 28.c6+ Rxc6
29.Qxa7 Rc7 30.Qa4+ Kd6 31.Rb1 Qd7 32.Rb6+ Ke7 33.Qxd7+ Rxd7 34.Nxh7  1-0

[Event "35th World Open"]
[Site "King of Prussia USA"]
[Date "2007.06.30"]
[Round "1"]
[White "Robson,R"]
[Black "Akobian,V"]
[Result "0-1"]
[WhiteElo "2293"]
[BlackElo "2574"]

1.e4 e6 2.d4 d5 3.Nd2 a6 4.Ngf3 c5 5.exd5 exd5 6.Bd3 c4 7.Be2 Nc6 8.b3 b5
9.a4 Bf5 10.axb5 axb5 11.Rxa8 Qxa8 12.bxc4 bxc4 13.O-O Be7 14.Nxc4 dxc4 15.Bxc4 Kf8
16.Bf4 Qc8 17.d5 Na5 18.Bd3 Nf6 19.d6 Bd8 20.Re1 Nc6 21.Bc4 h6 22.h4 Kg8
23.Ng5 hxg5 24.hxg5 Ne4 25.Qd5 Qe6 26.Qxc6 Rh1+ 27.Kxh1 Nxf2+ 28.Kh2 Ng4+
29.Kh3 Qxe1 30.Qa8 Ne5+ 31.Kh2 Qh4+ 32.Kg1 Qxf4 33.Qxd8+ Kh7 34.d7 Qd4+ 35.Kh1 Qxd7
36.g6+ Kxg6 37.Qb6+ f6 38.Be2 Qd2 39.Qf2 Qxc2  0-1

[Event "ch-SWE Master Elite"]
[Site "Stockholm SWE"]
[Date "2007.06.30"]
[Round "1"]
[White "Logdahl,H"]
[Black "Nilsson,S"]
[Result "1/2-1/2"]
[WhiteElo "2250"]
[BlackElo "2278"]

1.e4 e6 2.d4 d5 3.Nd2 Nc6 4.Ngf3 Nf6 5.Bd3 Nb4 6.Qe2 Nxd3+ 7.Qxd3 dxe4 8.Nxe4 Nxe4
9.Qxe4 Qd5 10.Qxd5 exd5 11.O-O f6 12.c4 Be6 13.c5 Kf7 14.Bf4 c6 15.b4 g5
16.Bg3 h5 17.h4 g4 18.Nd2 Bh6 19.Nb3 Rae8 20.a4 Bc8 21.b5 Re6 22.Rab1 Rhe8
23.Rfd1 cxb5 24.axb5 a6 25.b6 Bd7 26.Na5 Bc6 27.Bd6 Ba4 28.Rf1 Bd2 29.Nxb7 Bc6
30.Rfd1 Bxb7 31.Rxd2 Re1+ 32.Rxe1 Rxe1+ 33.Kh2 Ke6 34.Bg3 Kf5 35.c6 Bxc6
36.Rc2 Re6 37.Rxc6 Rxc6 38.b7 Rb6 39.b8=Q Rxb8 40.Bxb8 Ke4 41.Ba7 a5 42.Bc5 a4
43.g3 Kd3 44.Kg2 Kc3 45.f3 f5 46.Kf2 Kb3 47.fxg4 fxg4 48.Ke3 a3 49.Bxa3 Kxa3
50.Kf4 Kb3 51.Kg5 Kc4 52.Kxh5 Kxd4 53.Kg5 Ke4 54.h5 d4 55.h6 d3 56.h7 d2
57.h8=Q d1=Q 58.Qc8 Qd2+ 59.Kh5 Ke5 60.Qxg4 Qh2+ 61.Kg5 Kd6 62.Qf4+ Kd7 63.Qd4+ Ke7
64.Qf6+ Ke8 65.Qe6+ Kd8 66.g4 Qh7 67.Qf6+ Kc7 68.Qf5 Qg7+ 69.Qg6 Qe5+ 70.Kh6 Qe3+
71.g5 Kd7 72.Qf6 Ke8 73.Kg7 Qa7+ 74.Kh8 Qe3 75.g6 Qh3+ 76.Kg8 Qg4 77.Qe5+ Kd7
78.g7 Qc4+ 79.Kh7 Qd3+ 80.Kh6 Qh3+ 81.Kg6 Qg4+ 82.Kf6 Qh4+ 83.Kf7 Qc4+ 84.Kg6 Qg4+
85.Qg5 Qe6+ 86.Kh7 Qe4+ 87.Kh6 Qe6+ 88.Kh5 Qh3+ 89.Kg6 Qe6+ 90.Qf6 Qg4+ 91.Kh7 Qh5+
92.Kg8 Qh3 93.Qf7+ Kd8 94.Qd5+ Ke7 95.Qe4+ Kf6  1/2-1/2

[Event "13th Open"]
[Site "Chambery FRA"]
[Date "2007.07.02"]
[Round "6"]
[White "Detanoy,F"]
[Black "Miras,C"]
[Result "1/2-1/2"]
[WhiteElo "1895"]
[BlackElo "1871"]

1.e4 e6 2.d4 d5 3.Nd2 Be7 4.Bd3 Bd7 5.e5 c5 6.c3 Nc6 7.Ne2 Qb6 8.Nf3 Nh6
9.O-O Nf5 10.Bxf5 exf5 11.Nf4 Be6 12.dxc5 Qxc5 13.Be3 Qb5 14.Qc2 g5 15.a4 Qa6
16.Nd3 f4 17.Nc5 Bxc5 18.Bxc5 g4 19.Ng5 Nxe5 20.Bd4 f6 21.Nxh7 Kf7 22.Rfe1 Qd3
23.Qxd3 Nxd3 24.Red1 Nxb2 25.Rdb1 Rxh7 26.Rxb2 Kg6 27.Re1 Bf5 28.f3 g3 29.h3 Rah8
30.Bxa7 Ra8 31.Bd4 Rxa4 32.Rb6 Ra6 33.Rb5 Re7 34.Rc1 Re2 35.Rb6 Raa2 36.Rxf6+ Kg5
37.h4+ Kxh4 38.Rxf5 Rxg2+ 39.Kh1 Rh2+ 40.Kg1 Rhg2+ 41.Kh1 Rh2+ 42.Kg1 Rhg2+
43.Kh1  1/2-1/2

[Event "ch-BEL Expert"]
[Site "Namur BEL"]
[Date "2007.07.02"]
[Round "3"]
[White "Saiboulatov,D"]
[Black "Claesen,P"]
[Result "1/2-1/2"]
[WhiteElo "2415"]
[BlackElo "2393"]

1.e4 e6 2.d4 d5 3.Nd2 Be7 4.Ngf3 Nf6 5.e5 Nfd7 6.Bd3 c5 7.c3 Nc6 8.O-O g5
9.dxc5 Ndxe5 10.Nxe5 Nxe5 11.Bb5+ Bd7 12.Bxd7+ Qxd7 13.Nf3 Nxf3+ 14.Qxf3 h5
15.Be3 g4 16.Qe2 a6 17.b4 Qb5 18.Qc2 Bf6 19.Rfd1 Qc6 20.a4 Qc7 21.Bd4 Qf4
22.Bxf6 Qxf6 23.c4 O-O 24.cxd5 exd5 25.Ra3 Rad8 26.h3 Rfe8 27.Rad3 Re5 28.Qd2 Rde8
29.Rxd5 gxh3 30.Rxe5 Qxe5 31.gxh3 Re6 32.Qd8+ Kh7 33.Qd5 Qe2 34.Kh1 Qxf2  1/2-1/2

[Event "ch-SWE"]
[Site "Stockholm SWE"]
[Date "2007.07.02"]
[Round "3"]
[White "Carlsson,P"]
[Black "Karlsson,L"]
[Result "0-1"]
[WhiteElo "2506"]
[BlackElo "2469"]

1.e4 e6 2.d4 d5 3.Nd2 a6 4.Ngf3 Nf6 5.Bd3 c5 6.e5 Nfd7 7.c3 Nc6 8.O-O Be7
9.Re1 g5 10.dxc5 g4 11.Nd4 Ncxe5 12.Bc2 Bxc5 13.f4 Bxd4+ 14.cxd4 Nc6 15.Nb3 h5
16.f5 e5 17.dxe5 Ndxe5 18.Nd4 f6 19.Nxc6 bxc6 20.Bf4 O-O 21.Qd4 Rb8 22.Bxe5 fxe5
23.Qxe5 Rb7 24.b3 Rbf7 25.Rac1 Qb6+ 26.Kh1 Bxf5 27.Bxf5 Rxf5 28.Qe6+ Kg7
29.h3 g3 30.Qd6 Qf2 31.Re7+ R8f7 32.Rxf7+ Rxf7 33.Qe5+ Rf6 34.Qg5+ Kf8 35.Rg1 d4
36.Qc5+ Kg7 37.Qxh5 Qf4 38.Qc5 Qe4 39.Qc1 d3  0-1

[Event "ch-SWE Master Elite"]
[Site "Stockholm SWE"]
[Date "2007.07.05"]
[Round "6"]
[White "Logdahl,H"]
[Black "Hedman,E"]
[Result "1/2-1/2"]
[WhiteElo "2250"]
[BlackElo "2350"]

1.e4 e6 2.d4 d5 3.Nd2 Nc6 4.Ngf3 Nf6 5.e5 Nd7 6.Nb3 Be7 7.Bb5 a5 8.a4 Na7
9.Bd3 b6 10.O-O Bb7 11.Be3 c5 12.c4 Nc6 13.Rb1 Nb4 14.Be2 cxd4 15.Nbxd4 O-O
16.Qd2 Nc5 17.b3 Rc8 18.Rfd1 Qc7 19.Nb5 Qb8 20.Bxc5 bxc5 21.Qf4 d4 22.Qg3 Be4
23.Ne1 Bg6 24.Bd3 Bh5 25.Rd2 f5 26.Be2 Bf7 27.Nd3 Nxd3 28.Bxd3 Kh8 29.Rc1 h6
30.Re2 Qb6 31.Ree1 Qd8 32.Qf3 Be8 33.Qd1 Rb8 34.Be2 g5 35.g3 g4 36.Bf1 Bc6
37.Bg2 Bxg2 38.Kxg2 Rb7 39.Rh1 Qb8 40.h3 Qxe5 41.hxg4 Kg7 42.Qf3 Rb6 43.Rce1 Qf6
44.gxf5 Qxf5 45.Qxf5 Rxf5 46.f4 h5  1/2-1/2

[Event "4th GM March"]
[Site "Taiyuan CHN"]
[Date "2007.07.05"]
[Round "2"]
[White "Balogh,C"]
[Black "Zhang Pengxiang"]
[Result "1/2-1/2"]
[WhiteElo "2567"]
[BlackElo "2649"]

1.e4 e6 2.d4 d5 3.Nd2 Nc6 4.Ngf3 Nf6 5.e5 Nd7 6.Bd3 Nb4 7.Be2 c5 8.c3 Nc6
9.O-O a5 10.Re1 cxd4 11.cxd4 Qb6 12.Nb1 f6 13.exf6 Nxf6 14.Nc3 Bd6 15.Nb5 Bb8
16.Be3 O-O 17.Bd3 Nb4 18.Ne5 Nxd3 19.Qxd3 a4 20.b3 Bd7 21.bxa4 Rxa4 22.Nc3 Ra3
23.Nxd5 Qd6 24.Nxf6+ gxf6 25.Qxa3 Qxa3 26.Nxd7 Bxh2+ 27.Kh1 Rf7 28.Nxf6+ Rxf6
29.Kxh2 Rf7 30.Rec1 Rc7 31.Rxc7  1/2-1/2

[Event "Asian Youth BU16"]
[Site "Tashkent UZB"]
[Date "2007.07.05"]
[Round "7"]
[White "Adhiban,B"]
[Black "Shyam,N"]
[Result "1-0"]
[WhiteElo "2368"]
[BlackElo "2375"]

1.e4 e6 2.d4 d5 3.Nd2 Be7 4.Bd3 Nf6 5.e5 Nfd7 6.Qg4 g5 7.Qh5 c5 8.c3 cxd4
9.cxd4 Nc6 10.Ndf3 Qa5+ 11.Bd2 Qb6 12.Ne2 Qxb2 13.O-O Qa3 14.Bc2 b5 15.Nxg5 Bxg5
16.Bxg5 Qb2 17.Bd3 a6 18.Rfd1 Nxd4 19.Nxd4 Qxd4 20.Bf5 Qxe5 21.Bxe6 O-O 22.Re1 Qxe6
23.Rxe6 fxe6 24.Bh6 Rf7 25.Qg4+ Kh8 26.Qxe6  1-0

[Event "ch-IRL"]
[Site "Dublin IRL"]
[Date "2007.07.06"]
[Round "7"]
[White "Freeman,G"]
[Black "Redmond,J"]
[Result "0-1"]
[WhiteElo "2100"]
[BlackElo "2226"]

1.e4 e6 2.d4 d5 3.Nd2 Nc6 4.c3 e5 5.exd5 Qxd5 6.Ngf3 exd4 7.Bc4 Qh5 8.cxd4 Be6
9.Bxe6 fxe6 10.Qb3 O-O-O 11.O-O Nf6 12.Qxe6+ Kb8 13.h3 Bd6 14.Ne4 Rde8 15.Nxf6 gxf6
16.Qxf6 Rhg8 17.Kh1 Ref8 18.Qh6 Qd5 19.Qe3 Nb4 20.Qb3 Qf5 21.Bd2 Nd3 22.Rad1 Rxg2
23.Kxg2 Qxf3+ 24.Kg1 Qxh3 25.f4 Qg3+ 26.Kh1 Rf5  0-1

[Event "Open A"]
[Site "Klatovy CZE"]
[Date "2007.07.06"]
[Round "7"]
[White "Skoda,M"]
[Black "Gdovin,J"]
[Result "0-1"]
[WhiteElo "1998"]
[BlackElo "2117"]

1.e4 e6 2.d4 d5 3.Nd2 a6 4.c3 c5 5.Bd3 cxd4 6.cxd4 dxe4 7.Nxe4 Bb4+ 8.Nc3 Nf6
9.Nf3 Nc6 10.O-O O-O 11.a3 Be7 12.Re1 b5 13.Be3 Bb7 14.Ne5 g6 15.Nxc6 Bxc6
16.Bh6 Re8 17.Be4 Nxe4 18.Nxe4 Qd5 19.f3 Rad8 20.Be3 e5 21.Qc2 exd4 22.Rad1 d3
23.Qc3 b4 24.axb4 f5 25.Nf6+ Bxf6 26.Qxf6 Re6 27.Qh4 Ba4 28.Rd2 Bc2 29.Bc5 Rxe1+
30.Qxe1 f4 31.h3 Qf7 32.Qe7 Qxe7 33.Bxe7 Rd5 34.Bf6 Kf7 35.Bc3 g5 36.Kf1 Rd6
37.Kf2 h5 38.g3 Re6 39.Bd4 Ke7 40.h4 gxh4 41.gxf4 Rg6 42.f5 Rg5 43.f6+ Ke6
44.Ke3 h3 45.Bc3 Rg3 46.Rh2 Bd1 47.Rf2 Be2 48.b3 h4 49.f7 Kxf7 50.Be5 Ke6  0-1

[Event "ch-SWE Master Elite"]
[Site "Stockholm SWE"]
[Date "2007.07.06"]
[Round "7"]
[White "Wademark,H"]
[Black "Nilsson,S"]
[Result "0-1"]
[WhiteElo "2154"]
[BlackElo "2278"]

1.e4 e6 2.d4 d5 3.Nd2 Be7 4.Bd3 c5 5.c3 cxd4 6.cxd4 dxe4 7.Nxe4 Nf6 8.Ne2 Bd7
9.O-O Bc6 10.Qc2 Nbd7 11.Ng5 Nd5 12.Qd2 h6 13.Nh3 O-O 14.a3 N7f6 15.b4 Qd7
16.Bb2 Bb5 17.Bc2 Nb6 18.Bc3 Rac8 19.Bd3 Rfd8 20.Rfd1 Nfd5 21.Nhf4 Bg5 22.g3 e5
23.dxe5 Nxc3  0-1

[Event "ch-SWE"]
[Site "Stockholm SWE"]
[Date "2007.07.06"]
[Round "7"]
[White "Furhoff,J"]
[Black "Johansson,Ja SWE"]
[Result "1-0"]
[WhiteElo "2397"]
[BlackElo "2441"]

1.e4 e6 2.d4 d5 3.Nd2 Nc6 4.Ngf3 Nf6 5.e5 Nd7 6.Bb5 a6 7.Bxc6 bxc6 8.c4 dxc4
9.Nxc4 Nb6 10.b3 c5 11.Bg5 Qd7 12.O-O Bb7 13.Rc1 Nxc4 14.Rxc4 Bd5 15.Rc3 cxd4
16.Qxd4 a5 17.Rfc1 c6 18.Qg4 h6 19.Be3 g6 20.Qf4 Be7 21.Bc5 a4 22.b4 g5 23.Qd2 Rd8
24.Rd3 Bxc5 25.Rxc5 Bxf3 26.Rd6 Bh5 27.g4 Bxg4 28.Rxd7 Rxd7 29.Qc3 Be2 30.Rxc6 Rd1+
31.Kg2 O-O 32.Rd6 Bf1+ 33.Kg3 Rd8 34.Qc7 R8xd6 35.exd6 f5 36.f4  1-0

[Event "ch-IRL"]
[Site "Dublin IRL"]
[Date "2007.07.07"]
[Round "8"]
[White "Brady,S"]
[Black "Redmond,J"]
[Result "1-0"]
[WhiteElo "2360"]
[BlackElo "2226"]

1.e4 e6 2.d4 d5 3.Nd2 Nc6 4.Ngf3 Nf6 5.e5 Nd7 6.Nb3 Be7 7.Bb5 a5 8.a4 Na7
9.Bd3 b6 10.O-O c5 11.c4 Nc6 12.cxd5 exd5 13.Bb5 Nb4 14.dxc5 bxc5 15.Bd2 Bb7
16.e6 fxe6 17.Ne5 Qc7 18.Bxd7+ Kd8 19.Bf4 Bd6 20.Nf7+ Kxd7 21.Bxd6  1-0

[Event "ch-IRL"]
[Site "Dublin IRL"]
[Date "2007.07.07"]
[Round "8"]
[White "Normoyle,L"]
[Black "Salter,D"]
[Result "1/2-1/2"]
[WhiteElo "1757"]
[BlackElo "1917"]

1.e4 e6 2.d4 d5 3.Nd2 Nc6 4.Ngf3 Nf6 5.e5 Nd7 6.Bb5 a6 7.Bxc6 bxc6 8.O-O Be7
9.Re1 O-O 10.Nf1 c5 11.c3 cxd4 12.Nxd4 Bb7 13.Ng3 c5 14.Nf3 Rc8 15.b3 a5
16.Be3 f5 17.Qd2 Qe8 18.Bg5 h6 19.Bxe7 Qxe7  1/2-1/2

[Event "Spring A"]
[Site "Volodarskij RUS"]
[Date "2007.07.07"]
[Round "14"]
[White "Nikolenko,S"]
[Black "Zorin,An RUS"]
[Result "1-0"]
[WhiteElo "2349"]
[BlackElo "2292"]

1.e4 e6 2.d4 d5 3.Nd2 Nc6 4.Ngf3 Nf6 5.e5 Nd7 6.Nb3 Be7 7.Bb5 Ncb8 8.O-O a5
9.a4 b6 10.Qe2 Ba6 11.c4 c6 12.cxd5 cxb5 13.axb5 Bb7 14.d6 Bf8 15.Bg5 Nf6
16.exf6 gxf6 17.Bh4 Bxd6 18.Nbd2 Be7 19.Ne4 f5 20.Bxe7 Qxe7 21.Nc3 Nd7 22.d5 e5
23.Nxe5 Qxe5 24.Qxe5+ Nxe5 25.Rfe1 f6 26.f4 O-O-O 27.fxe5 fxe5 28.Rxe5 f4
29.Kf2 Rhf8 30.Kf3 Kd7 31.Rae1 Kd6 32.Re6+ Kc7 33.Rc1 Rf5 34.Ke4 Rh5 35.h3 Rd7
36.Kxf4 Kd8 37.Kg4 Bxd5 38.Rxb6 Re5 39.Kf4 Rh5 40.Nxd5 Rhxd5 41.g4 Rd4+ 42.Kg5 Rd2
43.Kh6 Rxb2 44.Rb8+ Ke7 45.Kxh7 a4 46.h4 Rb4 47.Rg1 Rdd4 48.h5 Rxg4 49.Rxg4 Rxg4
50.h6 Kd6 51.Rg8 Re4 52.Kg6 Re6+ 53.Kg7 Re7+ 54.Kg6 Re6+ 55.Kh5 Re5+ 56.Rg5 Re7
57.b6 Kc6 58.Ra5 Kxb6 59.Rxa4 Kc5 60.Rf4 Kd5 61.Kg6  1-0

[Event "ch-IRL"]
[Site "Dublin IRL"]
[Date "2007.07.08"]
[Round "9"]
[White "Rozentalis,E"]
[Black "Pert,N"]
[Result "1/2-1/2"]
[WhiteElo "2578"]
[BlackElo "2525"]

1.e4 e6 2.d4 d5 3.Nd2 Be7 4.Bd3 c5 5.dxc5 Nf6 6.Qe2 Nc6 7.Ngf3 Nb4 8.Nb3 Nxd3+
9.cxd3 a5 10.Bg5 a4 11.Nbd2 h6 12.Bxf6 Bxf6 13.exd5 O-O 14.Ne4 exd5 15.Nxf6+ Qxf6
16.O-O b6 17.Rac1 bxc5 18.Rxc5 Bg4 19.Qe5 Qb6 20.Rxd5 Bxf3 21.gxf3 Rab8 22.Rb1 a3
23.b4 Rfe8 24.Qd4 Re2 25.Qxb6 Rxb6 26.Ra5 Rxa2  1/2-1/2

[Event "XIII Jorge Alvarez Mem"]
[Site "El Ejido ESP"]
[Date "2007.07.09"]
[Round "1"]
[White "Moral Garcia,S"]
[Black "Larino Nieto,D"]
[Result "0-1"]
[WhiteElo "1907"]
[BlackElo "2435"]

1.e4 e6 2.d4 d5 3.Nd2 Nc6 4.c3 e5 5.dxe5 Nxe5 6.Ngf3 Qe7 7.Nxe5 Qxe5 8.Bd3 dxe4
9.Qa4+ Bd7 10.Qxe4 Qxe4+ 11.Nxe4 O-O-O 12.Be3 Bd6 13.Ke2 Re8 14.Ng5 Nh6 15.f3 Bc5
16.Be4 Bxe3 17.Kxe3 f5 18.b4 fxe4 19.fxe4 Nf5+ 20.Kf4 Nd6  0-1

[Event "ch-Montenegro"]
[Site "Cetinje MNE"]
[Date "2007.07.11"]
[Round "1"]
[White "Podlesnik,B"]
[Black "Abramovic,Dr"]
[Result "1-0"]
[WhiteElo "2403"]
[BlackElo "2157"]

1.e4 e6 2.d4 d5 3.Nd2 a6 4.Bd3 c5 5.dxc5 Bxc5 6.Ngf3 Nc6 7.a3 Nf6 8.Qe2 dxe4
9.Nxe4 Nd4 10.Nxd4 Nxe4 11.Bxe4 Bxd4 12.c3 Be5 13.Bd2 Qc7 14.O-O-O Bd7 15.Rhe1 Ba4
16.Bc2 Bxc2 17.Kxc2 Bf6 18.Qe4 O-O-O 19.Be3 Qc6 20.Qxc6+ bxc6 21.Bb6 Rxd1
22.Rxd1 Be5 23.Kb3 Bc7 24.Bxc7 Kxc7 25.Kc4 Rb8 26.b4 Rb5 27.Rd3 Rf5 28.Rg3 g5
29.Rf3 Rxf3 30.gxf3 e5 31.Kc5 f5 32.a4 h5 33.c4 h4 34.b5 axb5 35.cxb5 cxb5
36.axb5 e4 37.fxe4 f4 38.e5 g4 39.e6 g3 40.b6+ Kc8 41.e7 Kd7 42.b7  1-0

[Event "XXII Tadeusz Gniota Mem"]
[Site "Police POL"]
[Date "2007.07.12"]
[Round "2"]
[White "Ejsmont,K"]
[Black "Grabarczyk,B"]
[Result "1-0"]
[WhiteElo "2367"]
[BlackElo "2437"]

1.e4 e6 2.d4 d5 3.Nd2 Nc6 4.Ngf3 g6 5.c3 Bg7 6.Bd3 Nf6 7.e5 Nd7 8.O-O f6
9.exf6 Qxf6 10.b4 a6 11.a4 e5 12.Qb3 e4 13.Re1 Ne7 14.Nxe4 dxe4 15.Rxe4 Qf8
16.Ba3 Nf6 17.Ree1 Bf5 18.b5 Bxd3 19.Bxe7 Qxe7 20.Rxe7+ Kxe7 21.Ne5  1-0

[Event "Canadian Open"]
[Site "Ottawa CAN"]
[Date "2007.07.14"]
[Round "9"]
[White "Gordon,D"]
[Black "Bradford,J"]
[Result "0-1"]
[WhiteElo "2239"]
[BlackElo "2406"]

1.d4 e6 2.e4 d5 3.Nd2 a6 4.c3 c5 5.exd5 Qxd5 6.Ngf3 Nf6 7.Bc4 Qd8 8.a4 Nc6
9.Nb3 cxd4 10.Nbxd4 Nxd4 11.Qxd4 Qxd4 12.Nxd4 Bd6 13.O-O Bd7 14.Re1 Ng4 15.f4 O-O-O
16.b4 e5 17.fxe5 Nxe5 18.Be2 Rhe8 19.Bb2 Re7 20.h3 Rde8 21.Kf2 Ng6 22.b5 axb5
23.axb5 Kc7 24.c4 Re3 25.Nf3 Bb4 26.Bxg7 Bxe1+ 27.Rxe1 Nf4 28.Bf1 Rxe1 29.Nxe1 Bf5
30.c5 Ne6 31.Be5+ Kd7 32.c6+ bxc6 33.bxc6+ Kxc6 34.Nf3 Kd5 35.Bf6 Nc5 36.Ng5 h6
37.Nxf7 Ne4+ 38.Kf3 Nxf6 39.Nxh6 Be4+ 40.Kf2 Rh8 41.Nf7 Rf8 42.Ng5 Nh7+ 43.Nf3 Ng5
44.Be2 Bxf3 45.Bxf3+ Nxf3 46.gxf3 Ke5  0-1

[Event "4th GM March"]
[Site "Taiyuan CHN"]
[Date "2007.07.14"]
[Round "8"]
[White "Asrian,K"]
[Black "Zhang Pengxiang"]
[Result "1/2-1/2"]
[WhiteElo "2608"]
[BlackElo "2649"]

1.e4 e6 2.d4 d5 3.Nd2 Nc6 4.c3 e5 5.dxe5 Nxe5 6.Ngf3 Nxf3+ 7.Nxf3 Nf6 8.exd5 Qxd5
9.Qxd5 Nxd5 10.Bc4 Nb6 11.Bb3 Bd6 12.O-O O-O 13.Re1 Bf5 14.Ne5 Rae8 15.Bf4 Be6
16.Bxe6 Rxe6 17.Nd3 Bxf4 18.Nxf4 Rxe1+ 19.Rxe1 Rd8 20.h4 Kf8 21.b3 Rd2 22.Re2 Rd1+
23.Kh2 Nd5 24.Nxd5 Rxd5 25.c4 Rd4 26.g3 h5 27.Kg2 Rd3 28.Kf1 Rd1+ 29.Kg2 Rd3
30.Kf1 Rd1+  1/2-1/2

[Event "FSIMA July"]
[Site "Budapest HUN"]
[Date "2007.07.15"]
[Round "9"]
[White "Hujbert,F"]
[Black "Tereick,B"]
[Result "0-1"]
[WhiteElo "2262"]
[BlackElo "2404"]

1.e4 e6 2.d4 d5 3.Nd2 a6 4.Ngf3 c5 5.dxc5 Bxc5 6.exd5 exd5 7.Bd3 Nf6 8.O-O O-O
9.Nb3 Bb6 10.Bg5 h6 11.Bh4 Nc6 12.Qd2 Bg4 13.Qf4 Bc7 14.Qxg4 Nxg4 15.Bxd8 Rfxd8
16.Rad1 Bb6 17.c3 Nge5 18.Nxe5 Nxe5 19.Nd4 Bxd4 20.cxd4 Nc6 21.Bc2 Kf8 22.Rd2 Ke7
23.Rc1 Kd6 24.Kf1 Rac8 25.Bb3 Na5 26.Rdc2 Rxc2 27.Rxc2 Nc6 28.Rd2 Re8 29.f3 Na5
30.Kf2 f5 31.g3 g5 32.f4 gxf4 33.gxf4 Re4 34.Bc2 Rxf4+ 35.Kg3 Rg4+ 36.Kf3 Nc4
37.Re2 Rxd4 38.Bxf5 Ne5+ 39.Ke3 Rh4 40.Bc8 Re4+ 41.Kd2 Nf3+ 42.Kd3 Kc7 43.Rxe4 dxe4+
44.Kxe4 Ng5+ 45.Kf5 Kxc8 46.h4 Nf3 47.h5 Kd7 48.Kg6 Ke7 49.Kxh6 Kf7 50.a4 a5
51.b3 b6 52.Kh7 Nd4 53.Kh8 Nxb3 54.h6 Nc5  0-1

[Event "XII Open"]
[Site "Balaguer ESP"]
[Date "2007.07.16"]
[Round "1"]
[White "Bruned,V"]
[Black "Bhat,V"]
[Result "0-1"]
[WhiteElo "1929"]
[BlackElo "2450"]

1.e4 e6 2.d4 d5 3.Nd2 Nc6 4.c3 e5 5.exd5 Qxd5 6.Qf3 Nf6 7.Qxd5 Nxd5 8.Bb5 exd4
9.cxd4 Nb4 10.Bxc6+ bxc6 11.Nb3 Nc2+ 12.Kd1 Nxa1 13.Nxa1 Be6 14.Kc2 a5 15.a3 f6
16.Nf3 Bd5 17.Nb3 Kf7 18.Be3 Bd6 19.Nbd2 Rab8 20.h3 Rb7 21.Rb1 Rhb8 22.b4 axb4
23.axb4 Bxb4 24.Bf4 Bxd2 25.Rxb7 Rxb7 26.Bxd2 Bxf3 27.gxf3 Ke6 28.Kd3 Kd5
29.Be3 Rb1  0-1